Datum a čas kvízu
36
Celkem bodů
Celkový počet nahraných bodů na tomto kvízu bez doplňovacích otázek.
3.
Pořadí na kvízu
Konečné umístění týmu na tomto kvízu.
Zaznamenané odpovědi
| # | Otázka | Odpověď | Body | Výsledky |
|---|---|---|---|---|
| 1. | V posledních týdnech se do Čes... | spalničky | 0 | |
| 2. | Záchranáři v úterý ráno pomocí... | Rakousko, Grossglockner | 1 | |
| 3. | Jak se nazývá kapela, kterou p... | 4TET | 1 | |
| 4. | Firma Google minulý týden přej... | Gemini | 1 | |
| 5. | Jako soupeři české reprezentac... | Gruzie | 1 | |
| 6. | Vítězné téma facebookového hla... | 1A 2D 3B 4C | 1 | |
| 7. | Dne 18. dubna 1997 byli odsouz... | Orličtí vrazi | 1 | |
| 8. | Devadesátkovou klasikou je fil... | Fuck Off Guys Good Day | 0 | |
| 9. | V roce 1994 vyšel první díl he... | Tekken | 1 | |
| 10. | Ke které obci se v souvislosti... | Drnovice | 1 |